00318nam a2200121Ia 4500008004100000041000800041082000800049100002700057245005500084260003200139300000800171520001700179221007s9999 xx 000 0 und d aeng bDEO aDeore Mayuri (2k81028) aThree Dimensional Study of the Set of Competencies c2010bPune UniversityaPune a95p aKetkar Leela